000 00775nam a22002297a 4500
005 2010080701511.0
010 _aENG-98793
020 _a9380060807
_c180.00
035 _aEN-82325
037 _bDBAD/PUB
082 _a519.4
100 _aBaskar, S.
_98562
245 _aNumerical analysis :
_cby S. Baskar
_bfor B.E/B.Tech student /
260 _asalem
_bM.S.K Publications
_c2009
270 _a3/189-E,Athanoor Ammaan Kovi St.,Masinayaganpatti
_bsalem
300 v _a120p.:
_c23cm (pbk)
_bill.
650 _aNumerical Analysis
_98563
700 _98297
700 _98298
942 _2ddc
_cEN
_h519.4
_mBAS
999 _c40066
_d40066